000 00708nam a2200217 a 4500
005 20220523133555.0
008 991125s1982 mx 000 0 spa u
020 _a9684201958
035 _aUPN01000028860
049 _aLT
050 4 _aLB1641 M6.2
_bG6.3 1982
100 1 _aGonzález Blackaller, Ciro E.
_928542
245 1 0 _aHoy en la historia :
_bsegundo curso /
_cCiro E. González Blackaller, Luis Guevara Ramírez.
250 _a5a ed.
260 _aMéxico :
_bHerrero,
_c1982.
300 _a240 p. :
_bil.
500 _a"Para las escuelas de educación media"
650 4 _aHistoria
_xEstudio y enseñanza (Secundaria)
_95248
700 1 _aGuevara Ramírez, Luis
_ecoaut.
_928757
905 _aLibro
999 _c28860
_d28860